[Event "CRO-chT1B 31st"]
[Site "Veli Losinj"]
[Date "2023.10.15"]
[Round "5.56"]
[White "Tomasic, Roland"]
[Black "Matko, Ognjen"]
[Result "1-0"]
[WhiteElo "2112"]
[BlackElo "2257"]
[PlyCount "117"]
[EventDate "2023.10.11"]
[EventType "team-tourn"]
[EventRounds "9"]
[EventCountry "CRO"]
[SourceTitle "Mega2024 Update 01"]
[Source "Chessbase"]
[SourceDate "2023.11.12"]
[SourceVersion "1"]
[SourceVersionDate "2023.11.12"]
[SourceQuality "1"]
[WhiteTeam "Strigova Stridon"]
[BlackTeam "Novo Virje Konaki"]
[WhiteTeamCountry "CRO"]
[BlackTeamCountry "CRO"]

1. d4 Nf6 2. c4 g6 3. Nc3 Bg7 4. e4 d6 5. Bd3 e5 6. d5 0-0 7. Bg5 h6 8. Bh4 Na6 9. Nge2 Nc5 10. Bc2 a5 11. 0-0 g5 12. Bg3 Nh5 13. a3 Nf4 14. Qd2 a4 15. f3 Bd7 16. Bf2 b6 17. Ng3 Qc8 18. Bxc5 bxc5 19. Nf5 Re8 20. g3 Ng6 21. Rf2 Ne7 22. Nxg7 Kxg7 23. f4 gxf4 24. gxf4 Ng6 25. f5 Nh4 26. Qd1 Qd8 27. Kh1 Qg5 28. Qe2 Kh7 29. Rg1 Qf6 30. Qh5 Rg8 31. Rg3 Rg7 32. Rf1 Rag8 33. Rfg1 Qd8 34. Bxa4 Bxa4 35. Nxa4 Rg5 36. Qxh4 Rxg3 37. hxg3 Rg5 38. Rg2 f6 39. Nc3 Qe8 40. Kg1 Qa8 41. Rh2 h5 42. Rg2 Qa6 43. g4 Qb6 44. Nb5 Qa5 45. gxh5 Qd2 46. Rxg5 fxg5 47. Qg4 Qe1+ 48. Kg2 Qd2+ 49. Kh3 Qd3+ 50. Qg3 Qxe4 51. Nc3 Qh1+ 52. Kg4 Kh6 53. Qh3 Qg1+ 54. Kf3 Qc1 55. f6 Qxb2 56. Ne2 Qxa3+ 57. Kg2 Qa2 58. Qg4 Qd2 59. Kf2 1-0

[Event "CRO Topla Voda Cup"]
[Site "Tuhovec"]
[Date "2022.08.06"]
[Round "11.3"]
[White "Tomasic, Roland"]
[Black "Fijok, Velimir"]
[Result "1-0"]
[WhiteElo "2108"]
[BlackElo "1600"]
[PlyCount "29"]
[EventDate "2022.08.06"]
[EventType "team-tourn (blitz)"]
[EventRounds "11"]
[EventCountry "CRO"]
[SourceTitle "CBM 209 Extra"]
[Source "ChessBase"]
[SourceDate "2022.09.30"]
[SourceVersion "1"]
[SourceVersionDate "2022.09.30"]
[SourceQuality "1"]
[WhiteTeam "Strigova Stridon"]
[BlackTeam "Ludbreg"]
[WhiteTeamCountry "CRO"]
[BlackTeamCountry "CRO"]

1. e4 c5 2. Nf3 d6 3. d4 cxd4 4. Nxd4 Nf6 5. Nc3 a6 6. Bc4 e6 7. Bb3 g6 8. Be3 Bg7 9. f3 0-0 10. Qd2 Nc6 11. 0-0-0 Nxd4 12. Bxd4 Nd7 13. Bxg7 Kxg7 14. Qxd6 Nf6 15. Qxd8 1-0

[Event "CRO-chT1B 28th"]
[Site "Mali Losinj"]
[Date "2019.09.29"]
[Round "2.36"]
[White "Bubalovic, Davorin"]
[Black "Tomasic, Roland"]
[Result "1-0"]
[WhiteElo "2212"]
[BlackElo "2102"]
[PlyCount "89"]
[EventDate "2019.09.28"]
[EventType "team-tourn"]
[EventRounds "9"]
[EventCountry "CRO"]
[SourceTitle "EXT 2020"]
[Source "ChessBase"]
[SourceDate "2019.10.17"]
[SourceVersion "1"]
[SourceVersionDate "2019.10.17"]
[SourceQuality "1"]
[WhiteTeam "Vinkovci"]
[BlackTeam "Strigova Stridon"]
[WhiteTeamCountry "CRO"]
[BlackTeamCountry "CRO"]

1. e4 c5 2. Nf3 d6 3. d4 cxd4 4. Nxd4 Nf6 5. Nc3 e6 6. Be3 Nc6 7. Be2 Be7 8. 0-0 0-0 9. f4 Bd7 10. Kh1 Nxd4 11. Bxd4 Bc6 12. Qd3 Nd7 13. Rad1 e5 14. Be3 exf4 15. Bxf4 Ne5 16. Qe3 Qc7 17. Bg3 a6 18. Rf5 b5 19. Qd4 g6 20. Rf2 Qa7 21. Qxa7 Rxa7 22. Nd5 Bxd5 23. Rxd5 Kg7 24. c3 f6 25. Rf1 Rb8 26. Bf2 Rc7 27. h3 Rc6 28. Rfd1 b4 29. Bd4 Kf7 30. Ra5 bxc3 31. bxc3 Kg7 32. Ra4 g5 33. Bxa6 g4 34. hxg4 Nxg4 35. Bc4 Rc7 36. Bd5 Rb2 37. Rf1 Ne5 38. Ra8 Bf8 39. a4 h5 40. a5 h4 41. a6 Kh7 42. Rxf8 Rg7 43. Bxe5 h3 44. gxh3 dxe5 45. Rf7 1-0

[Event "CRO-chT1B 26th"]
[Site "Mali Losinj"]
[Date "2017.10.04"]
[Round "7.56"]
[White "Tomasic, Roland"]
[Black "Bubalovic, Davorin"]
[Result "1/2-1/2"]
[WhiteElo "2177"]
[BlackElo "2241"]
[PlyCount "136"]
[EventDate "2017.09.28"]
[EventType "team-tourn"]
[EventRounds "9"]
[EventCountry "CRO"]
[SourceTitle "EXT 2018"]
[Source "ChessBase"]
[SourceDate "2017.10.13"]
[SourceVersion "1"]
[SourceVersionDate "2017.10.13"]
[SourceQuality "1"]
[WhiteTeam "Strigova Stridon"]
[BlackTeam "Vinkovci"]
[WhiteTeamCountry "CRO"]
[BlackTeamCountry "CRO"]

1. e4 c5 2. Nf3 e6 3. d4 cxd4 4. Nxd4 a6 5. Nc3 Qc7 6. g3 Bb4 7. Nde2 Be7 8. Bg2 Nf6 9. 0-0 d6 10. h3 Nc6 11. a4 b6 12. f4 Bb7 13. f5 0-0 14. Nf4 Qc8 15. Be3 Ne5 16. Nd3 Nc4 17. Bc1 Nd7 18. fxe6 fxe6 19. Rxf8+ Nxf8 20. Ne2 Bf6 21. Ra2 Ne5 22. b3 Qc7 23. c4 b5 24. axb5 axb5 25. Rxa8 Bxa8 26. cxb5 Qb6+ 27. Nf2 Qxb5 28. Ba3 d5 29. exd5 Bxd5 30. Bxd5 Qxd5 31. Qxd5 exd5 32. Nf4 Nf3+ 33. Kg2 Nd2 34. b4 Nc4 35. Bc1 d4 36. Kf3 Nd7 37. Ke4 Ndb6 38. Ng4 Nd6+ 39. Kd3 Be7 40. Ne5 Nb5 41. Nc4 Nd7 42. Nd5 Bf8 43. Bf4 Kf7 44. Bd2 Ke6 45. Nf4+ Kf7 46. Ne2 Nb8 47. Nxd4 Nxd4 48. Ne5+ Ke6 49. Kxd4 Bd6 50. Nd3 Bxg3 51. Nc5+ Ke7 52. Bg5+ Ke8 53. Kd5 h6 54. Be3 g5 55. Ke6 Bf4 56. Bf2 h5 57. Nd3 Bh2 58. Ne1 Na6 59. Kf5 Nxb4 60. Kxg5 Nd5 61. Ng2 Kf7 62. Kf5 Ne7+ 63. Kg5 Nd5 64. Bh4 Bc7 65. Kf5 Bd6 66. Bg5 Be7 67. h4 Bd6 68. Ne1 Ne7+ 1/2-1/2

[Event "CRO-chT2 Center 25th"]
[Site "Croatia"]
[Date "2016.04.17"]
[Round "6.66"]
[White "Furjan, Antun"]
[Black "Tomasic, Roland"]
[Result "0-1"]
[WhiteElo "1991"]
[BlackElo "2101"]
[PlyCount "68"]
[EventDate "2016.03.13"]
[EventType "team-tourn"]
[EventRounds "11"]
[EventCountry "CRO"]
[SourceTitle "EXT 2019"]
[Source "ChessBase"]
[SourceDate "2018.10.10"]
[SourceVersion "1"]
[SourceVersionDate "2018.10.10"]
[SourceQuality "1"]

1. d4 f5 2. Bg5 g6 3. e3 Bg7 4. Bc4 Nf6 5. Nd2 d5 6. Bb3 Ne4 7. Nxe4 fxe4 8. c4 c6 9. Qd2 0-0 10. h3 a5 11. a3 Be6 12. cxd5 cxd5 13. Rc1 Nc6 14. Ne2 Qd7 15. Nf4 Bf7 16. Bh4 e6 17. 0-0 h6 18. Bg3 g5 19. Ne2 Bh5 20. Nc3 Rf7 21. f4 exf3 22. gxf3 Bxf3 23. Na4 Raf8 24. Nc5 Qe7 25. Ba4 Nb8 26. Qxa5 e5 27. Qd2 b6 28. Nb3 h5 29. Rce1 h4 30. Bxe5 Bxe5 31. dxe5 g4 32. Qd4 Qg5 33. Kh2 gxh3 34. Rg1 Bg2 0-1